00441nam a2200169Ia 4500003000400000005001700004008004100021040000700062041000800069082002200077100002100099245006300120260003900183365001300222650002200235650001400257OSt20230510121927.0210423s1988 xx 000 0 und d cAL aeng a307.72 223bSINL aSINGH (Rajendra) aLand power and people: rural elite in transition 1801-1970 aNew DelhibSage Publicationsc1988 b375cINR aRural Communities aSociology